Pri menšej námahe efektívnejšie

Bibliographic Details
Main Author: Saxa, Melichar (Author)
Format: Article
Language:Slovak

MARC

LEADER 00000nab a2200000ua 4500
001 vtls010761153
003 SK-MaSNL
005 20260304200530.0
008 250718s1974 xo |||||||||||||||||slo|
035 |a (urnnbn)urn:nbn:sk:snk:ar-a001wh 
035 |a (uuid)f0700068-a517-4db8-86bc-31a8dc071bc8 
035 |a urn:nbn:sk:snk-ab4za4 
040 |a SNKBUCL  |b slo  |c SNKBUCL  |e AACR2 
041 0 |a slo 
044 |a xo  |c SK 
100 1 |a Saxa, Melichar  |4 aut  |9 1531690 
245 1 0 |a Pri menšej námahe efektívnejšie  |c Melichar Saxa 
773 0 |t Včelár : odborný časopis Povereníctva poľnohospodárstva a lesného hospodárstva a Ústredia včelárskych združení na Slovensku  |g Roč. 48, č. 9 (1974), s. 197 
850 |a Slovenská národná knižnica 
852 |a Slovenská národná knižnica 
954 |a odborná, vedecká literatúra pôvodná (slovenská)  |2 lita 
958 |a article3 
958 |a OND 
958 |a EUIPO 
999 |c 3089021  |d 3090951